Foundations of astronomy (Record no. 229585)

MARC details
000 -LEADER
fixed length control field 00534nam a22001937a 4500
005 - DATE AND TIME OF LATEST TRANSACTION
control field 20240108100011.0
008 - FIXED-LENGTH DATA ELEMENTS--GENERAL INFORMATION
fixed length control field 240108b ||||| |||| 00| 0 eng d
020 ## - INTERNATIONAL STANDARD BOOK NUMBER
International Standard Book Number 9780534375766
040 ## - CATALOGING SOURCE
Transcribing agency AL
041 ## - LANGUAGE CODE
Language code of text/sound track or separate title eng
082 ## - DEWEY DECIMAL CLASSIFICATION NUMBER
Edition number 23
Classification number 520
Item number SEEF
100 ## - MAIN ENTRY--PERSONAL NAME
Personal name Michael A Seeds
9 (RLIN) 147573
245 ## - TITLE STATEMENT
Title Foundations of astronomy
260 ## - PUBLICATION, DISTRIBUTION, ETC.
Place of publication, distribution, etc. Belmont
Name of publisher, distributor, etc. Wadsworth Publishing Co.
Date of publication, distribution, etc. 1998
300 ## - PHYSICAL DESCRIPTION
Extent xvi,640p.
Other physical details HB
Dimensions 27.5x22cm.
650 ## - SUBJECT ADDED ENTRY--TOPICAL TERM
Source of heading or term General
Topical term or geographic name entry element Astrology
9 (RLIN) 147574
700 ## - ADDED ENTRY--PERSONAL NAME
Personal name Grundy, Joseph R; et al.
9 (RLIN) 147575
942 ## - ADDED ENTRY ELEMENTS (KOHA)
Source of classification or shelving scheme Dewey Decimal Classification
Koha item type Book
Holdings
Withdrawn status Lost status Source of classification or shelving scheme Damaged status Not for loan Collection code Home library Current library Date acquired Total Checkouts Full call number Barcode Date last seen Price effective from Koha item type
    Dewey Decimal Classification     General St Aloysius PG Library St Aloysius PG Library 12/08/2023   520 SEEF PG024562 01/08/2024 01/08/2024 Donated Books